| 000 | 01133cam a22003497a 4500 | ||
|---|---|---|---|
| 003 | CHAP | ||
| 005 | 20220817044014.0 | ||
| 008 | 050317d2004 us r 00110 eng d | ||
| 010 | _a89848 | ||
| 011 | _a90820 | ||
| 020 | _a1578083028 | ||
| 035 | _a101377 | ||
| 040 | _cCHAP | ||
| 082 | 0 | 4 |
_a631.5 _bK6 |
| 100 | 0 | 0 |
_aKoul, Opender _eed. _963800 |
| 245 | 1 | 0 |
_aTransgenic crop protection : _bconcepts and strategies _c/ed. by Opender Koul and G. S. Dhaliwal |
| 260 |
_aEnfiels, New Hampshire : _bScience Publishers, _c2004. |
||
| 300 | _a420 p. | ||
| 590 |
_aBATCH-UPD _b10 _c20130110 _lUCH01 _h0815 |
||
| 590 |
_aBATCH-UPD _b10 _c20130410 _lUCH01 _h0452 |
||
| 590 |
_aBATCH-UPD _b10 _c20130914 _lUCH01 _h1537 |
||
| 590 |
_aCONVERSION _b10 _c20130109 _lUCH01 _h1350 |
||
| 650 | 1 | 4 | _aGenética vegetal. |
| 650 | 1 | 4 |
_aPlantas transgénicas. _989087 |
| 650 | 1 | 4 |
_aPlantas _xResistencia a enfermedades. _988882 |
| 650 | 1 | 4 |
_aPlantas _xResistencia a plagas. _988885 |
| 700 | 0 |
_aDhaliwal, G. S. _eed. _932363 |
|
| 901 | _aBK | ||
| 905 | _aLilia | ||
| 942 | _cLIBRO | ||
| 949 |
_a631.5 K6 _bBC _cLIBRO _d33724000953063 _eLIBRO _h105215 _i101377 _si |
||
| 999 |
_c89848 _d89848 |
||